00637cam a22002053a 45000010005000000030006000050050017000110080041000280400015000690420007000840500007000911000059000982450098001572600029002555060030002845160020003146530028003348300028003628560041003902989PGUSA20140828083024.0060331s2006||||xxu|||||s|||||000 1 eng d aPGUSAbeng adc 4aPS1 aFerguson, W. B. M.q(William Blair Morton),d1882-196710aGarrison's Finish :bA Romance of the Race Courseh[electronic resource] /cW. B. M. Ferguson bProject Gutenberg,c2006 aPublic domain in the USA. aElectronic text aHorse racing -- Fiction 0aProject Gutenbergv298940uhttp://www.gutenberg.org/ebooks/2989